000 00804nam a2200217 i 4500
001 163546
003 ES-MaACL
005 20251108134755.0
008 991220q1890 sp af |||| | spa d
100 1 _aRíos, Blanca de los,
_d1859-1956
_997357
245 1 0 _aMelita Palma /
_cBlanca de los Ríos.
260 _aMadrid :
_bB. Rodriguez Serra,
_c[ca. 1890] (
_fImp. de Antonio Marzo)
300 _a108 p. :
_bil. ;
_c14 cm.
490 1 _aBiblioteca Mignon ;
_v17
500 _aRetrato de la autora.
596 _aBernardo Rodriguez Serra ejerció en Madrid aprox. 1891-1901.
700 1 _aCabrera y Miró,
_cilustrador
_933322
830 0 _aBiblioteca Mignon ;
_v17
_9186216
852 _aES-MaACL
_jF-1200(1)
_z- Enc. pasta española conservando cub. original
999 _c163546
_d163546